Beyond Hanoi : local government in Vietnam

Bibliographic Details
Other Authors: Marr, David G
Format: Book
Published: Singapore : ISEAS Publications , 2004
Subjects:

MARC

LEADER 00000cam a2200000 7i4500
001 0000015513
005 20080423.0
008 080328
020 |a 9812302220 
090 0 0 |a 152.3   |b BEY 
245 1 0 |a Beyond Hanoi :   |b local government in Vietnam   |c edited by Benedict J. Tria Kerkvliet and David G. Marr 
260 |a Singapore :   |b ISEAS Publications ,   |c 2004 
650 0 |a Local government   |z Vietnam 
650 0 |a Vietnam   |x Politics and government   |x 20th century 
700 1 |a Marr, David G 
999 |a 0001018124   |b Book   |c REFERENCE   |e Cawangan Urban Transformation Centre